000 00275nam a2200109Ia 4500
001 1261071
005 20260417140344.0
008 260417s9999 xx 000 0 und d
020 _a9786051851136
245 0 _aOrmandaki Deli
_cGeorges Simenon
260 _bEverest Yayınları
999 _c1261071
_d1261071